Securitizace jako forma finanční inovace
Jednou z najnovších finančných inovácií investičných bánk v rámci investičného bankovníctva je sekuritizácia, ktorá je súčasťou finančného inžinierstva. Podstata sekuritizácie - pretransformovanie nelikvidných aktív spoločnosti do likvidného špecifického balíka a jeho následný predaj. Počiatky sekur...
Na minha lista:
| Autor principal: | |
|---|---|
| Formato: | Capítulo de Livro |
| Idioma: | tcheco |
| Assuntos: | |
| Tags: |
Sem tags, seja o primeiro a adicionar uma tag!
|
MARC
| LEADER | 00000nla$a2200000$$$4500 | ||
|---|---|---|---|
| 001 | 0078203 | ||
| 005 | 20220801085134.0 | ||
| 041 | 0 | |a cze | |
| 044 | |a CZ | ||
| 245 | 1 | 0 | |a Securitizace jako forma finanční inovace |c Blanka Kameníková |
| 520 | |a Jednou z najnovších finančných inovácií investičných bánk v rámci investičného bankovníctva je sekuritizácia, ktorá je súčasťou finančného inžinierstva. Podstata sekuritizácie - pretransformovanie nelikvidných aktív spoločnosti do likvidného špecifického balíka a jeho následný predaj. Počiatky sekurutizácia sú spojené s hypotekárnymi úvermi, dnes sa v zahraničí rozmáha obchod so životnými poistkami. Tieto životné poistky sú pretransformované do dlhopisov a rozpredávané investorom. Výhodou sekuritizácie pre spoločnosti je zvýšenie likvidity a diverzifikácie rizika, na druhej strane ide o typ obchodov, ktoré si vyžadújú prísnu legislatívnu reguláciu. | ||
| 610 | 2 | 0 | |a bankovníctvo investičné |
| 610 | 2 | 0 | |a inžinierstvo finančné |
| 610 | 2 | 0 | |a sekuritizácia |
| 610 | 2 | 0 | |a poistenie životné investičné |
| 100 | 1 | |a Kameníková, Blanka | |